000 01393cam a2200457 i 4500
001 32472
003 AR-RoBPED
005 20260330090249.0
008 230502e2018 03 ag a br 001 0 spa d
020 _a9789871217991
040 _aAR-RoBPED
041 _aspa
100 _aEdelsztein, Valeria
_d1982-
_eautor
_928970
245 1 0 _aCiencia para pasar la primavera /
_cValeria Edelzstein ; ilustraciones de Javier Reboursin
260 _aBuenos Aires :
_bIamiqué,
_c2017.
300 _a45 p.
_bil.
_c22 cm
490 0 _a(Ciencia todo el año)
500 _aSe utiliza con la estación de lectura: Primavera.
521 _aA partir de 8 años.
650 4 _aCIENCIAS DE LA VIDA
_910137
650 4 _aDIVULGACION CIENTIFICA
_919556
650 4 _aESTACIONES DEL AÑO
_910163
650 4 _aPLANTAS
_93012
650 4 _aFLORES
_94357
650 4 _aHORMIGAS
_94413
650 4 _aANIMALES
_94284
650 4 _aAVES
_91567
650 4 _aALERGIAS
_91406
650 4 _aTORMENTAS
_95097
650 4 _aTORNADOS
_97026
650 4 _aOCEANOS
_92033
653 _aTROPISMOS
653 _aCOLIBRIES
653 _aMARIPOSAS
653 _aRELOJ CIRCADIANO
653 _aENAMORAMIENTO
653 _aCANTO DE AVES
700 1 _aReboursin, Javier
_d1984-
_eil.
_930661
942 _2udc
_ak. 32472
_cBK
_h613.13
_kI
_mE 23 p
_nInv. 42330
945 _amev 27/03/2026 - cd 30/03/2026
999 _c32472
_d32472